Biblioteca

Errores que cometí en el ministerio que no volvería a cometer (Registro nro. 56202)

Detalles MARC
000 -LÍDER
Campo fijo de descripción fija 00870aab a2200205 i 4500
001 - NÚMERO DE CONTROL
Campo de control 768714001
003 - IDENTIFICADOR DEL NÚMERO DE CONTROL
Campo de control CO-MdFUSB
005 - FECHA Y HORA DE LA ULTIMA TRANSACCIÓN
control field 20250721100753.0
008 - ELEMENTOS DE LONGITUD FIJA -- INFORMACIÓN GENERAL
Campo fijo de descripción fija -- Información general 170512s1996 cr ||||| |||| 00| 0 spa d
040 ## - FUENTE DE CATALOGACIÓN
Idioma de catalogación spa
Agencia que realiza la transcripción CO-MdFUSB
041 ## - CÓDIGO DE IDIOMA
Código de idioma para texto/pista de sonido o título separado spa
100 1# - ASIENTO PRINCIPAL--NOMBRE PERSONAL
Nombre personal Libert, Samuel O.
Término relacionador autor
245 10 - TÍTULO
Título Errores que cometí en el ministerio que no volvería a cometer
Mención de responsabilidad / Samuel O. Libert
300 ## - DESCRIPCIÓN FÍSICA
Extensión Volumen 16, número 1 (agosto, 1996), páginas: 6 - 10
Dimensiones ; 27 cm
520 ## - NOTA DE RESUMEN, ETC.
Nota de sumario, etc. "Un fiel creyente se atrevió a interrumpir mi predicación, para corregir algunos errores de mi sermón"<br/>"Así, pues, me parecía estar ganando más almas para Cristo, sin darme cuenta que empleaba malas artes"
653 ## - TÉRMINO DE INDIZACIÓN - NO CONTROLADO
Término no controlado Testimonio
773 0# - ASIENTO DE ITEM FUENTE
Título Apuntes Pastorales
Biblionumber 49442
Itemnumber 60167
Parte(s) relacionada(s) / Volumen., número. (mes año), páginas Volumen 16, número 1 (agosto, 1996), páginas: 6 - 10
Enumeración y primera página página: 6
942 ## - TIPO DE MATERIAL (KOHA)
Tipo de Item KOHA Artículos de Revista
945 ## - INFORMACIÓN LOCAL DEL REGISTRO
Catalogador JTF-925

No hay ítems disponibles.

Biblioteca FUSBC | Teléfono: (57+4) 349 88 10 Ext. 141| WhatsApp (+57) 3005338115 
E-mail: biblioteca@unisbc.edu.co | Calle 76 87-14 Robledo Palenque, Medellín, Colombia

Con tecnología Koha